Complete the Titles of Songs by Celine Dion - Statistics

General Stats
  • This quiz has been taken 114 times
  • The average score is 13 of 15
Answer Stats
Song Title % Correct
Beauty and the {Beast}
99%
Because You Loved {Me}
99%
My Heart Will Go {On}
99%
Nothing Broken but My {Heart}
99%
It's All Coming Back to Me {Now}
98%
That's the Way It {Is}
97%
A New Day Has {Come}
94%
Did You Give Enough {Love}
89%
Love Can Move {Mountains}
85%
To Love You {More}
84%
Think {Twice}
81%
Tell {Him}
80%
Taking {Chances}
77%
Only One {Road}
60%
Water from the {Moon}
53%
No matching quizzes found
Score Distribution
Percent of People with Each Score
Percentile by Number Answered
Your Score History
You have not taken this quiz